00875nam a22002057a 450000500170000000700150001700800410003202000220007303500100009504000090010510000230011424500670013725600240020426000360022830000280026450602700029265000280056274000380059085600410062820240305165615.0cr|||| |||| 210903s2015 ca |||||s|||| 00||0 eng d a978-1-55221-401-5 a35306 avLex1 aOsborne, Philip H.13aThe Law of Tortsh[Recurso electrónico] /cPhilip H. Osborne aServicio en línea aToronto:bIrwin Law Inc.,c2015 a1 recurso electrónico1 aDisponible solo en los productos indicadosdvLex GlobaldvLex Global (Academic Edition, excluding Law Schools)dvLex Global (U.S. Academic Edition, Law Schools)dvLex Global (U.S. Academic Edition, excluding Law Schools)dvLex Global (Academic Edition, Law Schools)04aDerecho CivilzCanadá0 avLex Libros (Servicio en línea)40uhttps://app.vlex.com/#/sources/35306